00631 2200181 4500001002100000005001500021035002000036007000300056008003900059082002000098084002600118100001400144245019500158260004800353856002100401650000900422990001800431INLIS00000000000496920231002115858 a0010-0923000193ta231002 | | |  a616.207 259 816 a616.207 259 816 MIA h aMia Audia1 aHubungan Jenis Lantai DSinding, Dan Jenis Atap Rumah Dengan Kejadian ISPA Di Desa Mekar Jaya Kecamatan Bayung Lincir Kabupaten Musi Bayuasin Provinsi Sumatra Selatan Tahun 2021 /cMia Audia aJambi :bUniversitas Adiwangsa Jambi,c2021 aDIII Keperawatan aISPA a0077800200778